| 000 | 01246nam a22002657a 4500 | ||
|---|---|---|---|
| 005 | 2010101908158.0 | ||
| 008 | 101019t xxu||||| |||| 00| 0 hin d | ||
| 010 | _aHIN-94095 | ||
| 020 |
_c175.00 _a9788183222259 |
||
| 035 | _aHN-66441 | ||
| 037 | _bDBAD / PUB | ||
| 040 |
_aDPL _bHN |
||
| 082 | _a613.7046 | ||
| 100 |
_923632 _aजैन,राजीव "त्रिलोक" |
||
| 245 |
_aऊर्जाप्रदायक विशेष आसन एवं क्रियाएँ / _cराजीव जैन "त्रिलोक" |
||
| 260 |
_aभोपाल _bमंजुल पब्लिशिंग _c2010 |
||
| 270 |
_aकॉरपोरेट ऑफिस, द्वितीय तल, ऊषा प्रीत कॉम्पलेक्स 42 ,मालवीय नगर _bभोपाल _e462003 _mmanjul@manjulindia.com |
||
| 300 | 1 |
_a102पृ. _c22सेमी (सजिल्द) |
|
| 650 | _9657 | ||
| 650 | _934273 | ||
| 700 | _934278 | ||
| 710 | _934811 | ||
| 942 |
_2ddc _cHN _h613.7046 _mजैनरा |
||
| 999 |
_c56931 _d56931 |
||